Find the South American Capitals - No Map Quiz Stats

 Plays Quiz Updated Jul 10, 2018

Challenge
Share
Tweet
Score 0/12 Timer 02:00
0 Plays Today
% Correct
Brasilia
89.1%
Santiago
86.1%
Caracas
82.5%
La Paz
79.5%
Bogotá
79.4%
Lima
78.7%
Quito
78.3%
Georgetown
76.1%
Asunción
74.8%
Buenos Aires
73.6%
Montevideo
71.5%
Paramaribo
70.2%

You're not logged in!

Compare scores with friends on all Sporcle quizzes.
Join for Free
OR
Log In

You Might Also Like...

Show Comments

Extras

Top Quizzes Today


Score Distribution

Your Account Isn't Verified!

In order to create a playlist on Sporcle, you need to verify the email address you used during registration. Go to your Sporcle Settings to finish the process.

Report this User

Report this user for behavior that violates our Community Guidelines.

Details: